Possible involvement of capsaicin-sensitive sensory nerves in the regulation of cochlear blood flow in the guinea pig

Elmentve itt :
Bibliográfiai részletek
Szerzők: Vass Zsolt
Bari Ferenc
Jancsó Gábor
Dokumentumtípus: Cikk
Megjelent: 1994
Sorozat:ACTA OTO-LARYNGOLOGICA 114 No. 2
Tárgyszavak:
doi:10.3109/00016489409126035

mtmt:1194916
Online Access:http://publicatio.bibl.u-szeged.hu/31999
LEADER 00806nab a2200229 i 4500
001 publ31999
005 20250319141743.0
008 250319s1994 hu o 000 eng d
022 |a 0001-6489 
024 7 |a 10.3109/00016489409126035  |2 doi 
024 7 |a 1194916  |2 mtmt 
040 |a SZTE Publicatio Repozitórium  |b hun 
041 |a eng 
100 1 |a Vass Zsolt 
245 1 0 |a Possible involvement of capsaicin-sensitive sensory nerves in the regulation of cochlear blood flow in the guinea pig  |h [elektronikus dokumentum] /  |c  Vass Zsolt 
260 |c 1994 
300 |a 156-161 
490 0 |a ACTA OTO-LARYNGOLOGICA  |v 114 No. 2 
650 4 |a Klinikai orvostan 
700 0 1 |a Bari Ferenc  |e aut 
700 0 1 |a Jancsó Gábor  |e aut 
856 4 0 |u http://publicatio.bibl.u-szeged.hu/31999/1/aok_klny_156_94.pdf  |z Dokumentum-elérés